<?xml version="1.0" encoding="UTF-8"?><?xml-stylesheet type="text/xsl" href="static/style.xsl"?><OAI-PMH xmlns="http://www.openarchives.org/OAI/2.0/" xmlns:xsi="http://www.w3.org/2001/XMLSchema-instance" xsi:schemaLocation="http://www.openarchives.org/OAI/2.0/ http://www.openarchives.org/OAI/2.0/OAI-PMH.xsd"><responseDate>2026-06-07T05:14:33Z</responseDate><request verb="GetRecord" identifier="oai:riuma.uma.es:10630/12937" metadataPrefix="marc">https://riuma.uma.es/rest/oai/request</request><GetRecord><record><header><identifier>oai:riuma.uma.es:10630/12937</identifier><datestamp>2026-02-03T10:26:35Z</datestamp><setSpec>com_10630_1685</setSpec><setSpec>col_10630_38055</setSpec></header><metadata><record xmlns="http://www.loc.gov/MARC21/slim" xmlns:dcterms="http://purl.org/dc/terms/" xmlns:doc="http://www.lyncode.com/xoai" xmlns:xsi="http://www.w3.org/2001/XMLSchema-instance" xsi:schemaLocation="http://www.loc.gov/MARC21/slim http://www.loc.gov/standards/marcxml/schema/MARC21slim.xsd">
   <leader>00925njm 22002777a 4500</leader>
   <datafield ind2=" " ind1=" " tag="042">
      <subfield code="a">dc</subfield>
   </datafield>
   <datafield ind2=" " ind1=" " tag="720">
      <subfield code="a">Moraga-Álvaro, Gema</subfield>
      <subfield code="e">author</subfield>
   </datafield>
   <datafield ind2=" " ind1=" " tag="260">
      <subfield code="c">2017-02-07</subfield>
   </datafield>
   <datafield ind2=" " ind1=" " tag="520">
      <subfield code="a">En este estudio se evalúa el desarrollo de la Teoría de la Mente (ToM) con respecto al estatus sociométrico así como si el grado de maquiavelismo está relacionado con la ToM y con el puesto que ocupa el niño en un grupo de iguales con respecto a la popularidad y rechazo en el mismo. La investigación se llevó a cabo en el Colegio Público Las Cañadas, con una muestra de 8 participantes de ambos sexos (50% niños y 50% niñas), cuyas edades comprenden entre 9 y 12 años de edad, correspondientes a 4º y 6º de Primaria, respectivamente. Fueron elegidos de un total de 51 alumnos a través de una prueba sociométrica de nominación de iguales con el fin de catalogar a cada niño dentro de un estatus sociométrico y así relacionar a los niños populares y rechazados con Teoría de la Mente y maquiavelismo. Los hallazgos encontrados fueron que los niños populares poseían un mayor desarrollo de Teoría de la Mente, es decir, recibieron más nominaciones positivas por sus compañeros, al contrario de lo que sucede en el caso del grado de maquiavelismo, no existiendo diferencias exactas entre rechazados y populares en la puntuación en este rasgo. Por otro lado, no se encuentra una relación del todo precisa entre el desarrollo de Teoría de la Mente y la puntuación en la escala de maquiavelismo, aunque se descubrió que la edad y el género de los participantes no difieren en las cualidades manipulativas.</subfield>
   </datafield>
   <datafield ind1="8" ind2=" " tag="024">
      <subfield code="a">http://hdl.handle.net/10630/12937</subfield>
   </datafield>
   <datafield tag="653" ind2=" " ind1=" ">
      <subfield code="a">Psicología - Trabajos fin de grado</subfield>
   </datafield>
   <datafield tag="653" ind2=" " ind1=" ">
      <subfield code="a">Niños - Conducta social</subfield>
   </datafield>
   <datafield tag="653" ind2=" " ind1=" ">
      <subfield code="a">Conocimiento (Psicología infantil)</subfield>
   </datafield>
   <datafield ind2="0" ind1="0" tag="245">
      <subfield code="a">Estudio sobre maquiavelismo y teoría de la mente: influencia en la popularidad y rechazo en el grupo de iguales</subfield>
   </datafield>
</record>
</metadata></record></GetRecord></OAI-PMH>